[Event "Tata Steel India Blitz w"]
[Site "Kolkata IND"]
[Date "2023.09.03"]
[Round "5.5"]
[White "Savitha, Shri B"]
[Black "Divya, Deshmukh"]
[Result "1/2-1/2"]
[WhiteTitle "WIM"]
[BlackTitle "WGM"]
[WhiteElo "2375"]
[BlackElo "2372"]
[WhiteFideId "35061887"]
[BlackFideId "35006916"]
[EventDate "2023.09.03"]

1. e4 e5 2. Nf3 Nf6 3. Nxe5 d6 4. Nf3 Nxe4 5. Nc3 Nxc3 6. dxc3 Be7 7. Bf4 Nd7 8.
Qd2 O-O 9. O-O-O Nc5 10. h4 Re8 11. h5 Ne4 12. Qe1 Bf6 13. Be3 Bg4 14. Bd3 Nc5
15. Be2 Bxf3 16. gxf3 Bg5 17. f4 Rxe3 18. fxe3 Bf6 19. Bf3 a5 20. e4 Qe8 21. Kb1
Na4 22. Rd5 Qc6 23. Be2 Bxc3 24. bxc3 Nxc3+ 25. Ka1 Nxd5 26. exd5 Qxd5 27. Bd3
Qd4+ 28. Kb1 Qxf4 29. h6 g6 30. Rf1 Qg5 31. Qe4 d5 32. Qd4 Qxh6 33. Qxd5 Rf8 34.
Bc4 Qg7 35. Qxa5 Qd4 36. Qb4 Kg7 37. Qb3 f5 38. Re1 Qf6 39. Qxb7 Qd6 40. Qb2+
Rf6 41. a4 f4 42. Re6 Qd1+ 43. Ka2 Qd8 44. Qe5 f3 45. Rxf6 Qxf6 46. Qxc7+ Kh6
47. Qh2+ Kg7 48. Qc7+ Kh6 49. Qh2+ Kg7 50. Qf2 Qf4 51. Bb3 g5 52. a5 g4 53. Bd5
Qb4 1/2-1/2

[Event "Tata Steel India Blitz w"]
[Site "Kolkata IND"]
[Date "2023.09.03"]
[Round "6.1"]
[White "Divya, Deshmukh"]
[Black "Vantika, Agrawal"]
[Result "1-0"]
[WhiteTitle "WGM"]
[BlackTitle "WGM"]
[WhiteElo "2372"]
[BlackElo "2430"]
[WhiteFideId "35006916"]
[BlackFideId "25050389"]
[EventDate "2023.09.03"]

1. d4 Nf6 2. Nf3 g6 3. Nbd2 d5 4. e3 Bg7 5. b4 a5 6. b5 c5 7. bxc6 Nxc6 8. Ba3
O-O 9. Bb5 Bf5 10. O-O Ne4 11. Nxe4 dxe4 12. Nd2 Rc8 13. Rb1 Qc7 14. Bxc6 bxc6
15. Qe2 Rb8 16. c3 Rxb1 17. Rxb1 Rb8 18. Qd1 e5 19. Nc4 exd4 20. cxd4 Be6 21.
Rxb8+ Qxb8 22. Nxa5 Qb5 23. Nb3 Qa4 24. Qc1 Bxb3 25. axb3 Qxb3 26. h3 h5 27. Bd6
Qd5 28. Qa3 Kh7 29. Kh2 Bf6 30. Be7 Bxe7 31. Qxe7 Qf5 32. Kg1 Qd5 33. h4 Kg7 34.
Kh2 Kg8 35. Qf6 Kh7 36. Kg3 Kg8 37. Kf4 Kh7 38. Qe5 Qa2 39. Kg3 f5 40. Qc7+ Kh6
41. Qxc6 Qe2 42. Qf6 Qg4+ 43. Kh2 Qe2 44. Qh8# 1-0

[Event "Tata Steel India Blitz w"]
[Site "Kolkata IND"]
[Date "2023.09.03"]
[Round "6.3"]
[White "Dronavalli, Harika"]
[Black "Ju, Wenjun"]
[Result "1-0"]
[WhiteTitle "GM"]
[BlackTitle "GM"]
[WhiteElo "2500"]
[BlackElo "2568"]
[WhiteFideId "5015197"]
[BlackFideId "8603006"]
[EventDate "2023.09.03"]

1. Nf3 d5 2. d4 Nf6 3. c4 e6 4. Nc3 c5 5. cxd5 cxd4 6. Qxd4 exd5 7. e4 dxe4 8.
Qxd8+ Kxd8 9. Ng5 Be6 10. Nxe6+ fxe6 11. Bg5 Nc6 12. O-O-O+ Ke8 13. Bb5 Rc8 14.
Rhe1 a6 15. Bxc6+ Rxc6 16. Bxf6 gxf6 17. Rxe4 Bc5 18. f4 Ke7 19. f5 e5 20. Rg4
Be3+ 21. Kc2 Bh6 22. Rb4 Rb8 23. Rh4 Bg7 24. Rxh7 Rg8 25. g3 b5 26. a3 Rc4 27.
Kb3 Rd4 28. Rxd4 exd4 29. Ne4 Kf7 30. Kc2 Rd8 31. Kd3 Rd5 32. Rh4 Bf8 33. Rf4
Rd8 34. Rf2 a5 35. Rc2 Rd5 36. Rc7+ Be7 37. g4 Rd8 38. h4 a4 39. g5 fxg5 40. f6
gxh4 41. Rxe7+ Kf8 42. Rh7 1-0

[Event "Tata Steel India Blitz w"]
[Site "Kolkata IND"]
[Date "2023.09.03"]
[Round "6.4"]
[White "Batsiashvili, Nino"]
[Black "Koneru, Humpy"]
[Result "1/2-1/2"]
[WhiteTitle "GM"]
[BlackTitle "GM"]
[WhiteElo "2474"]
[BlackElo "2553"]
[WhiteFideId "13602993"]
[BlackFideId "5008123"]
[EventDate "2023.09.03"]

1. d4 Nf6 2. c4 e6 3. Bf4 Be7 4. Nc3 d5 5. e3 O-O 6. Nf3 a6 7. Rc1 dxc4 8. Bxc4
b5 9. Be2 Bb7 10. O-O Nbd7 11. Ne5 c5 12. Bf3 Qb6 13. Nxd7 Nxd7 14. Bxb7 Qxb7
15. d5 b4 16. d6 Bf6 17. Na4 Rac8 18. b3 Rfd8 19. Bg3 Qb5 20. Qc2 Ne5 21. Rfd1
Nd7 22. Qe4 h6 23. h3 Rc6 24. Rc2 Rdc8 25. Rdc1 Kf8 26. Kh2 Kg8 27. Kg1 a5 28.
Kh2 g6 29. Qc4 Qb7 30. h4 h5 31. Qe4 Qb5 32. Kg1 Kg7 33. Qc4 Qb7 34. Qe4 Qb5 35.
Qc4 Qb7 1/2-1/2

[Event "Tata Steel India Blitz w"]
[Site "Kolkata IND"]
[Date "2023.09.03"]
[Round "6.5"]
[White "Savitha, Shri B"]
[Black "Ushenina, Anna"]
[Result "1-0"]
[WhiteTitle "WIM"]
[BlackTitle "GM"]
[WhiteElo "2375"]
[BlackElo "2434"]
[WhiteFideId "35061887"]
[BlackFideId "14110911"]
[EventDate "2023.09.03"]

1. e4 c5 2. Nf3 e6 3. Nc3 Nc6 4. h3 Qc7 5. d4 cxd4 6. Nb5 Qb8 7. Nbxd4 d6 8. c4
Bd7 9. Bd3 Nf6 10. O-O Ne5 11. Nxe5 dxe5 12. Nb3 Be7 13. Qe2 O-O 14. Bd2 Qc7 15.
Bc3 b6 16. Rad1 Bc6 17. Kh1 Rac8 18. f4 Nd7 19. Qg4 Bf6 20. f5 exf5 21. Rxf5 Kh8
22. Rdf1 Rcd8 23. Bc2 Bb7 24. Qe2 Rc8 25. Bd3 Ba6 26. Nd2 Nc5 27. b3 Nxd3 28.
Qxd3 b5 29. cxb5 Rfd8 30. Qc4 Bxb5 31. Qxb5 Qxc3 32. Nc4 Qd3 33. Qb7 Rb8 34.
Qxf7 Qxe4 35. Rxf6 gxf6 36. Qxf6+ Kg8 37. Qe6+ Kh8 38. Qf6+ Kg8 39. Qe6+ Kh8 40.
Nd6 Qg6 41. Nf7+ Kg8 42. Nxd8+ Qxe6 43. Nxe6 Rc8 44. Re1 Kf7 45. Rxe5 Kf6 46.
Re2 Re8 47. Nd4 Rd8 48. Nf3 Rd1+ 49. Kh2 1-0

[Event "Tata Steel India Blitz w"]
[Site "Kolkata IND"]
[Date "2023.09.03"]
[Round "7.1"]
[White "Koneru, Humpy"]
[Black "Savitha, Shri B"]
[Result "0-1"]
[WhiteTitle "GM"]
[BlackTitle "WIM"]
[WhiteElo "2553"]
[BlackElo "2375"]
[WhiteFideId "5008123"]
[BlackFideId "35061887"]
[EventDate "2023.09.03"]

1. d4 Nf6 2. c4 g6 3. g3 c6 4. Bg2 d5 5. Qa4 dxc4 6. Qxc4 Bg7 7. Nf3 O-O 8. O-O
Be6 9. Qc2 Bf5 10. Qd1 Na6 11. Nc3 c5 12. Bf4 Ne4 13. Nh4 Nxc3 14. bxc3 Bc8 15.
Rb1 Qa5 16. Qd2 cxd4 17. cxd4 Qxd2 18. Bxd2 Bxd4 19. Bxb7 Bxb7 20. Rxb7 Bf6 21.
Nf3 Nc5 22. Rb5 Ne4 23. Rb7 Nc5 24. Rb5 Ne4 25. Rb7 Nc5 26. Rb5 Ne4 27. Rb7 Rfc8
28. Be3 Rc2 29. a4 Nc3 30. a5 Ra2 31. Kg2 Rxa5 32. Rc1 Nxe2 33. Rcc7 Nc3 34.
Bxa7 Nd5 35. Rd7 Nc3 36. Be3 Ra2 37. Rd3 Re2 38. Bh6 Ne4 39. Be3 Nd6 40. Rb1 Nc4
41. Bd4 Bxd4 42. Nxd4 Rea2 43. Nc6 Re8 44. Rd4 Ne3+ 45. Kg1 Nf5 46. Rdb4 Re2 47.
Rb8 Rxb8 48. Rxb8+ Kg7 49. Rb4 e5 50. h4 e4 51. Kf1 Rc2 52. Ne5 e3 53. g4 Rxf2+
54. Ke1 Ng3 55. Nd3 Rf1# 0-1

[Event "Tata Steel India Blitz w"]
[Site "Kolkata IND"]
[Date "2023.09.03"]
[Round "7.2"]
[White "Ju, Wenjun"]
[Black "Batsiashvili, Nino"]
[Result "1-0"]
[WhiteTitle "GM"]
[BlackTitle "GM"]
[WhiteElo "2568"]
[BlackElo "2474"]
[WhiteFideId "8603006"]
[BlackFideId "13602993"]
[EventDate "2023.09.03"]

1. d4 d5 2. c4 e6 3. Nf3 Nf6 4. Nc3 Nbd7 5. Bg5 Bb4 6. e3 c5 7. cxd5 exd5 8. Bd3
Qa5 9. Qc2 c4 10. Bf5 O-O 11. O-O Qa6 12. a3 Bxc3 13. bxc3 Re8 14. Nd2 h6 15.
Bh4 Nf8 16. a4 Bxf5 17. Qxf5 Qe6 18. Qxe6 Rxe6 19. Rfb1 b6 20. Bxf6 Rxf6 21. a5
Nd7 22. f3 Re8 23. e4 dxe4 24. fxe4 Rc6 25. axb6 axb6 26. Rb4 Nf6 27. d5 Rc5 28.
Rxc4 Rxc4 29. Nxc4 Nxe4 30. Re1 b5 31. Na3 f5 32. Nxb5 Rc8 33. Nd4 Nxc3 34. d6
Rd8 35. Nxf5 g6 36. Nxh6+ Kg7 37. Ng4 Rxd6 38. Re7+ Kf8 39. Rc7 Ne4 40. h3 Nf6
41. Nf2 Re6 42. Rc3 Kg7 43. Rf3 Rd6 44. Kh2 Re6 45. g4 Rd6 46. Kg3 Re6 47. Rf4
Nd5 48. Rd4 Re3+ 49. Kg2 Nf6 50. Nd3 Ne4 51. Nf4 g5 52. Nh5+ Kf7 53. Rd5 Ke6 54.
Rf5 Rc3 55. Ng7+ Ke7 56. Nh5 Ke6 57. Rf8 Kd7 58. Rf1 Ke6 59. Re1 Ke5 60. Re2 Kd4
61. Ng7 Rg3+ 62. Kh2 Rc3 63. Nf5+ Ke5 64. Ng3 Rxg3 65. Rxe4+ Kxe4 66. Kxg3 Ke5
67. h4 gxh4+ 68. Kxh4 Kf6 69. Kh5 Kg7 70. Kg5 Kf7 71. Kh6 1-0

[Event "Tata Steel India Blitz w"]
[Site "Kolkata IND"]
[Date "2023.09.03"]
[Round "7.3"]
[White "Ushenina, Anna"]
[Black "Divya, Deshmukh"]
[Result "0-1"]
[WhiteTitle "GM"]
[BlackTitle "WGM"]
[WhiteElo "2434"]
[BlackElo "2372"]
[WhiteFideId "14110911"]
[BlackFideId "35006916"]
[EventDate "2023.09.03"]

1. d4 Nf6 2. c4 e6 3. Nf3 b6 4. a3 Bb7 5. Nc3 Ne4 6. Nxe4 Bxe4 7. e3 Bb7 8. Bd3
Be7 9. e4 d5 10. cxd5 exd5 11. e5 c5 12. O-O Nc6 13. Re1 h6 14. Bc2 Qd7 15. b3
O-O-O 16. Be3 Kb8 17. dxc5 Bxc5 18. Bxc5 bxc5 19. b4 Qe7 20. bxc5 Qxc5 21. Rb1
Ka8 22. Ba4 d4 23. Qb3 Na5 24. Qxf7 Rhf8 25. Qg6 d3 26. Rec1 Qxa3 27. Bc6 Nxc6
28. Rxc6 d2 29. Rd6 Qc1+ 0-1

[Event "Tata Steel India Blitz w"]
[Site "Kolkata IND"]
[Date "2023.09.03"]
[Round "7.5"]
[White "Vantika, Agrawal"]
[Black "Shuvalova, Polina"]
[Result "1/2-1/2"]
[WhiteTitle "WGM"]
[BlackTitle "IM"]
[WhiteElo "2430"]
[BlackElo "2496"]
[WhiteFideId "25050389"]
[BlackFideId "24171760"]
[EventDate "2023.09.03"]

1. d4 Nf6 2. c4 e6 3. Nf3 d5 4. g3 Be7 5. Bg2 O-O 6. O-O c6 7. Qc2 b6 8. b3 a5
9. Nc3 Ba6 10. Rd1 Nbd7 11. Bf4 Rc8 12. Ne5 Nxe5 13. dxe5 Nd7 14. h4 Qc7 15.
Rac1 Ba3 16. Rb1 h6 17. Qd2 Rfd8 18. Qe3 Bc5 19. Qf3 Nxe5 20. Qh5 Bd6 21. cxd5
cxd5 22. Rbc1 Ng6 23. Nxd5 Nxf4 24. Nxc7 Nxh5 25. Nxa6 Rxc1 26. Rxc1 Nf6 27. Rc2
h5 28. Rc6 Be5 29. Bf3 Ng4 30. Bxg4 hxg4 31. Rxb6 Rd2 32. Kf1 Rxa2 33. Nc5 g6
34. Nd3 Bd4 35. Rb5 Kg7 36. Rb7 Ra1+ 37. Kg2 Ra2 38. Kf1 Ra1+ 39. Kg2 Rd1 40.
Rb5 Bc3 41. Rc5 Bd2 42. Rc7 Rb1 43. Ne5 Rxb3 44. Rxf7+ Kg8 45. Re7 a4 46. Nxg4
a3 47. Nf6+ Kf8 48. Rd7 Bc3 49. Nh7+ Ke8 50. Ra7 Bd4 51. Ra8+ Kd7 52. Ng5 Bc5
53. Ne4 Bb4 54. g4 Rb2 55. h5 gxh5 56. gxh5 Rxe2 57. Kf3 Re1 58. h6 Rh1 59. h7
a2 60. Rxa2 Kc6 61. Ng5 Be7 62. Ra8 Bf6 63. Rf8 Bg7 64. Rg8 Bf6 65. Rf8 Bg7 66.
Rf7 Bh8 67. Nxe6 Kd6 68. Nf4 Rh6 69. Kg4 Be5 70. Kf5 Bxf4 71. Kxf4 Ke6 72. Ra7
Rh5 73. Kg4 Rh2 74. f4 Kf6 75. Kf3 Kg6 76. Ke4 Re2+ 77. Kf3 Rh2 78. Rb7 Rh1 79.
Kg3 Rh5 80. Kg4 Rh1 81. f5+ Kf6 82. Rb6+ Kg7 83. Rb7+ Kf6 84. Rb6+ Kg7 85. Rg6+
Kxh7 86. Kg5 Rg1+ 87. Kf6 Ra1 88. Rg7+ Kh8 89. Rg2 Ra6+ 90. Kf7 Ra7+ 91. Kf6
Ra6+ 92. Ke5 Ra5+ 93. Kf6 Ra6+ 94. Kf7 Ra7+ 95. Ke6 Ra6+ 96. Ke5 Ra5+ 97. Kf6
Ra6+ 1/2-1/2

[Event "Tata Steel India Blitz w"]
[Site "Kolkata IND"]
[Date "2023.09.03"]
[Round "8.1"]
[White "Dronavalli, Harika"]
[Black "Vantika, Agrawal"]
[Result "1/2-1/2"]
[WhiteTitle "GM"]
[BlackTitle "WGM"]
[WhiteElo "2500"]
[BlackElo "2430"]
[WhiteFideId "5015197"]
[BlackFideId "25050389"]
[EventDate "2023.09.03"]

1. g3 Nf6 2. Bg2 g6 3. c4 Bg7 4. Nc3 O-O 5. e4 d6 6. Nge2 c5 7. O-O Nc6 8. d3 a6
9. a4 Rb8 10. h3 Ne8 11. Be3 Nd4 12. Bxd4 cxd4 13. Nd5 e6 14. Nb4 Qb6 15. Qd2 a5
16. Nc2 Nc7 17. b4 axb4 18. a5 Qc5 19. Qxb4 Na6 20. Qd2 Bd7 21. Rfb1 e5 22. Nb4
Nxb4 23. Rxb4 Bc6 24. Nc1 Ra8 25. Nb3 Qa7 26. Rb6 Bf6 27. h4 h5 28. Bh3 Kg7 29.
Rb4 Qb8 30. Rb1 Qc7 31. Rb6 Bd8 32. Rb4 Qe7 33. Kh2 Bc7 34. Bg2 Ra6 35. Qc1 Rfa8
36. c5 Bxa5 37. Nxa5 Rxa5 38. cxd6 Qxd6 39. R1b2 Ra2 40. f4 Rxb2 41. Rxb2 f6 42.
fxe5 fxe5 43. Rf2 Rf8 44. Rxf8 Qxf8 45. Qg5 Qf6 46. Qc1 Qe7 47. Qc4 Qd6 48. Qa2
b5 49. Qa7+ Qd7 50. Qc5 Qe6 51. Bh3 Qf6 52. Qa7+ Kh6 53. Qb8 Kg7 54. Qa7+ Kh6
55. Qb8 Kg7 56. Qa7+ Kh6 1/2-1/2

[Event "Tata Steel India Blitz w"]
[Site "Kolkata IND"]
[Date "2023.09.03"]
[Round "8.2"]
[White "Divya, Deshmukh"]
[Black "Shuvalova, Polina"]
[Result "1-0"]
[WhiteTitle "WGM"]
[BlackTitle "IM"]
[WhiteElo "2372"]
[BlackElo "2496"]
[WhiteFideId "35006916"]
[BlackFideId "24171760"]
[EventDate "2023.09.03"]

1. d4 Nf6 2. Nf3 d5 3. Bf4 c5 4. e3 Nc6 5. c3 Nh5 6. dxc5 Nxf4 7. exf4 e6 8. b4
a5 9. Bb5 Bd7 10. Bxc6 Bxc6 11. O-O Be7 12. Nbd2 O-O 13. Nd4 Qc7 14. Qf3 Bf6 15.
Qe3 axb4 16. cxb4 Ra4 17. a3 Rfa8 18. N2f3 Be8 19. Ne5 R8a7 20. Rfe1 Qc8 21. h3
Qa8 22. Nc2 R7a6 23. Rad1 g6 24. Ng4 Bg7 25. Ne5 Bb5 26. Kh2 Qd8 27. g4 Qf6 28.
Kg3 h6 29. h4 Ra8 30. g5 Qf5 31. Nd4 Qe4 32. Qxe4 dxe4 33. Nxb5 hxg5 34. hxg5 1-0

[Event "Tata Steel India Blitz w"]
[Site "Kolkata IND"]
[Date "2023.09.03"]
[Round "8.4"]
[White "Savitha, Shri B"]
[Black "Ju, Wenjun"]
[Result "0-1"]
[WhiteTitle "WIM"]
[BlackTitle "GM"]
[WhiteElo "2375"]
[BlackElo "2568"]
[WhiteFideId "35061887"]
[BlackFideId "8603006"]
[EventDate "2023.09.03"]

1. e4 e5 2. d4 exd4 3. Qxd4 Nc6 4. Qd3 d5 5. Bf4 Qf6 6. Bc1 dxe4 7. Qxe4+ Qe6 8.
Nc3 Nf6 9. Qxe6+ Bxe6 10. Bb5 O-O-O 11. Bxc6 bxc6 12. Nge2 Bf5 13. Be3 c5 14.
Rc1 Bd6 15. O-O Rhe8 16. h3 Kb7 17. Na4 Kc6 18. Rfd1 Nd5 19. b4 Nxb4 20. Nec3
Bxc2 21. Rd2 Bg6 22. a3 Nd3 23. Rcd1 c4 24. Bxa7 Bxa3 25. Ra1 Bb4 26. Be3 Ra8
27. Rad1 Ra5 28. Bd4 Rea8 29. Nb2 Nxb2 30. Rxb2 Bf8 31. Kh2 Rd8 32. Ne2 f6 33.
Rc1 Bd3 34. Bc3 Rad5 35. Nf4 R5d7 36. Ra2 Bc5 37. Ra6+ Bb6 38. Ra4 Re8 39. Kg3
Kb7 40. f3 g5 41. Nxd3 cxd3 42. Bxf6 d2 43. Rd1 Be3 44. Ra3 Bf4+ 45. Kf2 Re1 46.
Raa1 Rxd1 47. Rxd1 Rd6 48. Bc3 Rd3 49. Bb4 Kb6 50. g3 Bd6 51. Rxd2 Rxd2+ 52.
Bxd2 Be7 53. f4 gxf4 54. Bxf4 c5 55. Ke2 Kb5 56. Kd3 Kb4 57. Kc2 Kc4 58. Be3 Kd5
59. Kd3 c4+ 60. Kc2 Ke4 61. Bf4 Bf6 62. Bc7 Kf3 63. h4 h5 64. Bd6 Ke4 65. Bc7
Be5 66. Bxe5 Kxe5 67. Kc3 Kd5 68. Kc2 Kd4 69. Kd2 c3+ 70. Kc2 Kc4 71. Kc1 Kd3
72. Kd1 c2+ 73. Kc1 Kc3 0-1

[Event "Tata Steel India Blitz w"]
[Site "Kolkata IND"]
[Date "2023.09.03"]
[Round "8.5"]
[White "Ushenina, Anna"]
[Black "Koneru, Humpy"]
[Result "1-0"]
[WhiteTitle "GM"]
[BlackTitle "GM"]
[WhiteElo "2434"]
[BlackElo "2553"]
[WhiteFideId "14110911"]
[BlackFideId "5008123"]
[EventDate "2023.09.03"]

1. d4 Nf6 2. c4 e6 3. Nf3 d5 4. g3 dxc4 5. Bg2 Bb4+ 6. Nc3 O-O 7. O-O Nc6 8. Qa4
Nd5 9. Qc2 a5 10. Rd1 Nb6 11. e4 a4 12. d5 exd5 13. Nxd5 Nxd5 14. exd5 Ne7 15.
Qxc4 Bd6 16. Nd4 Bd7 17. a3 Ra5 18. Be3 Re8 19. h3 h6 20. Rac1 Ng6 21. Qd3 Ne5
22. Qd2 Ra8 23. f4 Ng6 24. Bf2 h5 25. f5 Ne5 26. Nf3 Bxf5 27. Nh4 Bd7 28. Bd4 b5
29. Rf1 Qe7 30. Rce1 Qf8 31. Nf5 Bc5 32. Kh2 Bxf5 33. Rxf5 Nc4 34. Rxe8 Rxe8 35.
Qc3 Bxd4 36. Qxd4 Qd6 37. Rxh5 Ne3 38. Qh4 f6 39. Rh8+ Kf7 40. Qh5+ 1-0

[Event "Tata Steel India Blitz w"]
[Site "Kolkata IND"]
[Date "2023.09.03"]
[Round "9.1"]
[White "Ju, Wenjun"]
[Black "Ushenina, Anna"]
[Result "1-0"]
[WhiteTitle "GM"]
[BlackTitle "GM"]
[WhiteElo "2568"]
[BlackElo "2434"]
[WhiteFideId "8603006"]
[BlackFideId "14110911"]
[EventDate "2023.09.03"]

1. d4 d5 2. c4 e6 3. Nf3 Nf6 4. g3 Be7 5. Bg2 O-O 6. O-O Nbd7 7. Nbd2 c5 8. cxd5
Nxd5 9. e4 Nb4 10. Nb3 cxd4 11. Nbxd4 Nc5 12. a3 Nbd3 13. b4 Nxc1 14. bxc5 e5
15. Rxc1 exd4 16. Nxd4 Qa5 17. Qf3 Bf6 18. Rfd1 Bd7 19. e5 Bxe5 20. Qxb7 Bxd4
21. Rxd4 Qxa3 22. Rdd1 Bg4 23. Re1 Rab8 24. Qe4 Rb4 25. Qe5 Be6 26. Ra1 Qb2 27.
Qxb2 Rxb2 28. Rxa7 Rc2 29. c6 h6 30. h4 Rc8 31. Rb1 Rc5 32. Rbb7 Rc1+ 33. Kh2
Rc2 34. c7 Rxf2 35. Rb8 Kh7 36. Rxc8 Bxc8 37. Kg1 Rc2 38. Be4+ f5 39. Bxc2 1-0

[Event "Tata Steel India Blitz w"]
[Site "Kolkata IND"]
[Date "2023.09.03"]
[Round "9.3"]
[White "Koneru, Humpy"]
[Black "Divya, Deshmukh"]
[Result "1-0"]
[WhiteTitle "GM"]
[BlackTitle "WGM"]
[WhiteElo "2553"]
[BlackElo "2372"]
[WhiteFideId "5008123"]
[BlackFideId "35006916"]
[EventDate "2023.09.03"]

1. Nf3 Nf6 2. c4 e6 3. Nc3 d5 4. d4 h6 5. e3 b6 6. b3 Bb7 7. Bb2 Bd6 8. Rc1 O-O
9. Bd3 a6 10. O-O Ne4 11. Ne2 Nd7 12. Qc2 f5 13. Ne5 Qe8 14. Nf4 g5 15. Nfg6
Nxe5 16. Nxe5 Bxe5 17. dxe5 Nc5 18. Be2 Rf7 19. Ba3 Nd7 20. cxd5 Bxd5 21. Qxc7
Nc5 22. Qxb6 Nd7 23. Qd4 Rg7 24. Bd6 g4 25. Bc4 Bb7 26. Rfd1 Kh7 27. Bd3 Qh5 28.
Rc7 Bd5 29. e4 fxe4 30. Bxe4+ Bxe4 31. Qxe4+ Kg8 32. Qxa8+ Kh7 33. g3 Qf5 34.
Re1 Rf7 35. Qe4 1-0

[Event "Tata Steel India Blitz w"]
[Site "Kolkata IND"]
[Date "2023.09.03"]
[Round "9.4"]
[White "Vantika, Agrawal"]
[Black "Batsiashvili, Nino"]
[Result "1-0"]
[WhiteTitle "WGM"]
[BlackTitle "GM"]
[WhiteElo "2430"]
[BlackElo "2474"]
[WhiteFideId "25050389"]
[BlackFideId "13602993"]
[EventDate "2023.09.03"]

1. d4 d5 2. c4 e6 3. Nf3 Nf6 4. g3 Be7 5. Bg2 O-O 6. O-O a5 7. Qc2 Nc6 8. a3
dxc4 9. Qxc4 a4 10. Nc3 Bd7 11. Qd3 Na5 12. Bg5 h6 13. Bxf6 Bxf6 14. Rad1 Qb8
15. e4 Rd8 16. Rfe1 Be8 17. e5 Be7 18. Qe2 Bc6 19. h4 b5 20. d5 Bxd5 21. Nxd5
exd5 22. Nd4 c6 23. Nf5 Bf8 24. e6 fxe6 25. Qxe6+ Kh8 26. h5 Qc8 27. Qg6 Nc4 28.
Bh3 Qc7 29. Re7 Qxe7 30. Nxe7 Bxe7 31. Bf5 Kg8 32. Re1 Bf6 33. Qh7+ Kf8 34. Qh8+
Kf7 35. Bg6# 1-0

[Event "Tata Steel India Blitz w"]
[Site "Kolkata IND"]
[Date "2023.09.03"]
[Round "9.5"]
[White "Shuvalova, Polina"]
[Black "Dronavalli, Harika"]
[Result "0-1"]
[WhiteTitle "IM"]
[BlackTitle "GM"]
[WhiteElo "2496"]
[BlackElo "2500"]
[WhiteFideId "24171760"]
[BlackFideId "5015197"]
[EventDate "2023.09.03"]

1. e4 e6 2. d4 d5 3. Nc3 Bb4 4. Ne2 Nc6 5. a3 Ba5 6. exd5 exd5 7. Be3 Nf6 8. b4
Bb6 9. Nf4 Ne7 10. Bd3 c6 11. O-O Bf5 12. Na4 Bc7 13. Nc5 Rb8 14. Re1 O-O 15. h3
Bxd3 16. Nfxd3 Ng6 17. Bg5 Qd6 18. g3 b6 19. Bxf6 bxc5 20. Be5 Nxe5 21. dxe5 Qh6
22. Qg4 c4 23. Nc5 Rfe8 24. f4 Bb6 25. Kg2 Bxc5 26. bxc5 Rb2 27. Re2 Qg6 28. Qd7
Qe6 29. Qxa7 d4 30. Rae1 h5 31. Qa5 Qd5+ 32. Kf2 d3 33. cxd3 Rxe2+ 34. Rxe2 cxd3
35. Rd2 Qd4+ 36. Kg2 h4 37. Qb4 Qe3 38. gxh4 Rd8 39. Qc3 Rd4 40. a4 Qe4+ 41. Kg1
Qe1+ 42. Kg2 Qe4+ 43. Kg1 Qe3+ 44. Kg2 Rxf4 45. Qc1 Rf2+ 46. Rxf2 Qxc1 0-1

[Event "Tata Steel India Blitz w"]
[Site "Kolkata IND"]
[Date "2023.09.04"]
[Round "10.1"]
[White "Divya, Deshmukh"]
[Black "Dronavalli, Harika"]
[Result "0-1"]
[WhiteTitle "WGM"]
[BlackTitle "GM"]
[WhiteElo "2372"]
[BlackElo "2500"]
[WhiteFideId "35006916"]
[BlackFideId "5015197"]
[EventDate "2023.09.03"]

1. d4 d5 2. Nf3 Nf6 3. Bf4 Bf5 4. e3 e6 5. Bd3 Bxd3 6. Qxd3 Nbd7 7. O-O c5 8. c3
Be7 9. Nbd2 O-O 10. Ne5 Nh5 11. Ndf3 Nxe5 12. Bxe5 Qb6 13. Rab1 Nf6 14. dxc5
Qxc5 15. Bd4 Qc7 16. Ne5 Bd6 17. f4 Ne4 18. Rfc1 f6 19. Nf3 Qc4 20. Qd1 b5 21.
b3 Qc6 22. Qd3 Rfc8 23. Rc2 Rc7 24. Rbc1 Rac8 25. g4 Qe8 26. Kh1 a6 27. f5 exf5
28. Bb6 Rxc3 29. Rxc3 Rxc3 30. Rxc3 Nf2+ 31. Kg2 Nxd3 32. Rxd3 fxg4 33. Nd2 d4
34. Bxd4 Qc6+ 35. Kf2 Qc2 36. Ke2 Bb4 37. a3 Bxd2 38. Rxd2 Qxb3 39. Bc5 Qc4+ 0-1

[Event "Tata Steel India Blitz w"]
[Site "Kolkata IND"]
[Date "2023.09.04"]
[Round "10.2"]
[White "Shuvalova, Polina"]
[Black "Batsiashvili, Nino"]
[Result "1-0"]
[WhiteTitle "IM"]
[BlackTitle "GM"]
[WhiteElo "2496"]
[BlackElo "2474"]
[WhiteFideId "24171760"]
[BlackFideId "13602993"]
[EventDate "2023.09.03"]

1. e4 e5 2. Nc3 d6 3. Nf3 Nf6 4. d4 exd4 5. Qxd4 Nc6 6. Bb5 Bd7 7. Qd3 Be7 8.
Bg5 h6 9. Bh4 Ng4 10. Bxe7 Nxe7 11. h3 Ne5 12. Nxe5 dxe5 13. O-O-O Nc6 14. Kb1
Be6 15. Bxc6+ bxc6 16. Qa6 Bd7 17. Rd3 Qe7 18. Rhd1 Rd8 19. Rxd7 Rxd7 20. Qxc6
Qd8 21. Rd5 f6 22. Qe6+ Qe7 23. Qc6 Qd8 24. Qe6+ Qe7 25. Qc6 Qd8 26. a3 Ke7 27.
Qc5+ Rd6 28. Nb5 Qd7 29. Nxd6 cxd6 30. Qc4 Rc8 31. Qd3 Rc6 32. Qg3 Qc7 33. Qd3
Kf7 34. b3 Ke7 35. a4 Qc8 36. Kb2 Qe8 1-0

[Event "Tata Steel India Blitz w"]
[Site "Kolkata IND"]
[Date "2023.09.04"]
[Round "10.3"]
[White "Vantika, Agrawal"]
[Black "Savitha, Shri B"]
[Result "1-0"]
[WhiteTitle "WGM"]
[BlackTitle "WIM"]
[WhiteElo "2430"]
[BlackElo "2375"]
[WhiteFideId "25050389"]
[BlackFideId "35061887"]
[EventDate "2023.09.03"]

1. d4 Nf6 2. c4 g6 3. Nc3 d6 4. e4 Bg7 5. Be2 O-O 6. Be3 Nc6 7. d5 Ne5 8. f4
Neg4 9. Bd2 Nh6 10. Nf3 c6 11. a4 cxd5 12. cxd5 Nd7 13. O-O f5 14. Kh1 a5 15. e5
dxe5 16. fxe5 Ng4 17. e6 Nde5 18. Bf4 Qb6 19. Nxe5 Nxe5 20. Bb5 Qc5 21. Qe2 Ng4
22. Rac1 Qd4 23. Rcd1 Qf6 24. h3 Nh6 25. Qe3 g5 26. Bxg5 Qg6 27. Bxe7 f4 28.
Rxf4 Nf5 1-0

[Event "Tata Steel India Blitz w"]
[Site "Kolkata IND"]
[Date "2023.09.04"]
[Round "10.5"]
[White "Ju, Wenjun"]
[Black "Koneru, Humpy"]
[Result "0-1"]
[WhiteTitle "GM"]
[BlackTitle "GM"]
[WhiteElo "2568"]
[BlackElo "2553"]
[WhiteFideId "8603006"]
[BlackFideId "5008123"]
[EventDate "2023.09.03"]

1. d4 d5 2. c4 e6 3. Nf3 Nf6 4. g3 dxc4 5. Bg2 Bb4+ 6. Bd2 a5 7. a3 Bxd2+ 8.
Nbxd2 b5 9. b3 cxb3 10. Qxb3 c6 11. O-O O-O 12. Rfc1 a4 13. Qb2 Bd7 14. Ne5 Qe7
15. e3 Rc8 16. Rc2 Ra7 17. Rac1 Rac7 18. Nd3 Be8 19. Nc5 h6 20. h3 Nfd7 21. Nxd7
Bxd7 22. Ne4 Be8 23. Nc5 Rd8 24. Nd3 Rdc8 25. Nb4 c5 26. dxc5 Rxc5 27. Rxc5 Rxc5
28. Rd1 Rc8 29. Qd4 Nc6 30. Nxc6 Bxc6 31. Rc1 Rd8 32. Qc3 Bxg2 33. Kxg2 Qb7+ 34.
Kg1 Qd5 35. Qb4 g6 36. h4 h5 37. Rb1 Qc6 38. Qf4 Rd5 0-1